Harnessing hydropower for development : A strategic environmental assessment for sustainable hydropower development in Viet Nam: Policy summary January 2009
Contents: Summary of overall recommendations for PDP VII; Recommendation on the power development planning system; Recommendations on policy and regulatory changes; Policy recommendations concerning general power development.
Đã lưu trong:
| Định dạng: | Sách |
|---|---|
| Ngôn ngữ: | Undetermined |
| Được phát hành: |
Bangkok, Thailand
Asian Development Bank
2009
|
| Những chủ đề: | |
| Các nhãn: |
Thêm thẻ
Không có thẻ, Là người đầu tiên thẻ bản ghi này!
|
| Thư viện lưu trữ: | Trung tâm Học liệu Trường Đại học Cần Thơ |
|---|
| LEADER | 00891nam a2200193Ia 4500 | ||
|---|---|---|---|
| 001 | CTU_189682 | ||
| 008 | 210402s9999 xx 000 0 und d | ||
| 082 | |a 621.312134 | ||
| 082 | |b H289 | ||
| 245 | 0 | |a Harnessing hydropower for development : | |
| 245 | 2 | |b A strategic environmental assessment for sustainable hydropower development in Viet Nam: Policy summary January 2009 | |
| 245 | 0 | |c Asian Development Bank | |
| 260 | |a Bangkok, Thailand | ||
| 260 | |b Asian Development Bank | ||
| 260 | |c 2009 | ||
| 520 | |a Contents: Summary of overall recommendations for PDP VII; Recommendation on the power development planning system; Recommendations on policy and regulatory changes; Policy recommendations concerning general power development. | ||
| 650 | |a Hydroelectric power plants,Nhà máy thủy điện | ||
| 904 | |i Giang | ||
| 980 | |a Trung tâm Học liệu Trường Đại học Cần Thơ | ||